| 000 | 00318nam a22001337a 4500 | ||
|---|---|---|---|
| 020 | _qPB. | ||
| 040 | _cFIZZA ISHAQ | ||
| 082 |
_a624.183 _bCAR |
||
| 100 |
_aVIGGIANI,CARLO. _926408 |
||
| 245 |
_aPILES AND PILE FOUNDATION / _cCARLO VIGGIANI. |
||
| 260 |
_aCRC PRESS ; _c2012. |
||
| 300 | _a278 P. ; | ||
| 942 |
_2ddc _cBK |
||
| 999 |
_c588915 _d588915 |
||